000
00174nam a2200073Ia 4500
008
170620s9999 xx 000 0 und d
100
_a
Bhatt
245
0
_a
MODERN METHODS OF TEACHING CHEMISTRY
260
_b
APH
999
_c
26207
_d
26207